|
|
|
|
| LEADER |
00790nam a2200205 a 4500 |
| 008 |
090822s2005 iia 001 0 eng d |
| 020 |
|
|
|a 812192197X
|
| 040 |
|
|
|a DLC
|c DLC
|d DLC
|
| 082 |
0 |
0 |
|a 428.007
|2 22
|
| 100 |
1 |
|
|a Wren, P.C.
|
| 245 |
1 |
0 |
|a High School :
|b english grammar & composition /
|c P. C. Wren, Martin H., revised by N. D. V. Prasada Rao.
|
| 260 |
|
|
|a New Delhi :
|b S. Chand,
|c 2005
|
| 300 |
|
|
|a viii, 418 p. ;
|c 24 cm.
|
| 504 |
|
|
|a Includes index.
|
| 541 |
1 |
|
|e 00015922
|
| 650 |
|
0 |
|a Adult education.
|
| 650 |
|
0 |
|a Continuing education.
|
| 852 |
4 |
|
|a Ayesha Abed Library
|j General shelf
|
| 999 |
|
|
|c 3330
|d 3330
|
| 952 |
|
|
|0 0
|1 0
|2 ddc
|4 0
|6 428_007000000000000_WRE
|7 0
|9 3021
|a BRACUL
|b BRACUL
|c GEN
|d 2009-08-31
|g 240.00
|l 12
|m 76
|o 428.007 WRE
|p 3010015922
|r 2026-05-10
|s 2026-05-03
|t 1
|v 480.00
|w 2009-08-31
|y BK
|